Random city to country - Statistics

General Stats
  • This quiz has been taken 79 times
  • The average score is 18 of 20
Answer Stats
City Country % Correct
Lyon France
99%
Geneva Switzerland
99%
Salzburg Austria
97%
Bogota Colombia
97%
Turin Italy
97%
Osaka Japan
97%
Guadalajara Mexico
97%
Amman Jordan
96%
Krakow Poland
96%
Hanoi Vietnam
96%
Perth Australia
95%
Volgograd Russia
95%
Addis Ababa Ethiopia
93%
Montevideo Uruguay
93%
Belfast United Kingdom
86%
Sucre Bolivia
85%
Tashkent Uzbekistan
84%
Lusaka Zambia
70%
Freetown Sierra Leone
69%
Mixco Guatemala
32%
No matching quizzes found
Score Distribution
Percent of People with Each Score
Percentile by Number Answered
Your Score History
You have not taken this quiz